000 01105nam0a22002531 4500
001 rc\4848116
005 20260408083908.0
021 _aRU
_bРг5030
021 _aRU
_b61-25288
035 _a(NLR Aleph) 008813296
090 _a8175368
_c8175368
100 _a20130426g19601961|||y0rusy50 ca
101 0 _arus
102 _aRU
105 _aa z |||||
200 1 _aТиповой проект организации кустового машиносчетного бюро для обслуживания предприятий и организаций городского коммунального хозяйства
_fМ-во ком. хоз. РСФСР. Гос. контора по рационализации и механизации учета "Гормашучет"
210 _aМосква
_cБ. и.
_d1960 (обл. 1961)
215 _a[1], III, 320 с., 44 л. ил.
_d29
712 0 2 _a"Гормашучет", контора
_cМосква
_9848587
_3RU\NLR\AUTH\8810176197
801 0 _aRU
_bNLR
_gpsbo
801 1 _aRU
_bELAR
_2rusmarc
852 _aNLR
_j61-8/1173
942 _cBOOK
980 _aNB